[Event "Bundesliga 2022-23"]
[Site "Dresden GER"]
[Date "2022.11.26"]
[Round "3.7"]
[Board "8"]
[White "Loxine, Jakov"]
[Black "Pajeken, Jakob Leon"]
[Result "1-0"]
[WhiteTitle "IM"]
[BlackTitle "IM"]
[WhiteElo "2391"]
[BlackElo "2461"]
[WhiteTeam "USV TU Dresden"]
[BlackTeam "SK Doppelbauer Turm Kiel"]
[WhiteFideId "4173031"]
[BlackFideId "12942839"]
[EventDate "2022.10.22"]

1. Nf3 d5 2. e3 Nf6 3. c4 e6 4. Nc3 Be7 5. b3 O-O 6. Bb2 b6 7. cxd5 exd5 8. g3
Bb7 9. Bg2 d4 10. exd4 Nc6 11. Ne2 Bd6 12. O-O Ne7 13. Rc1 Qd7 14. Ne5 Qc8 15.
Nc3 Rd8 16. Nb5 Bxg2 17. Kxg2 Ned5 18. Qf3 Qb7 19. Rfe1 h6 20. a4 a6 21. Nc3 Re8
22. Ng4 Reb8 23. Nxf6+ Nxf6 24. d5 b5 25. a5 Bf8 26. Re5 Rd8 27. Rf5 Rd6 28. d3
Nh7 29. Ne4 Rd7 30. Rc6 g6 31. Rf4 Rad8 32. Be5 Re8 33. Qg4 Ree7 34. Nc5 Qc8 35.
Nxd7 Rxd7 36. Rxf7 1-0

[Event "Bundesliga 2022-23"]
[Site "Dresden GER"]
[Date "2022.11.26"]
[Round "3.8"]
[Board "1"]
[White "Grandelius, Nils"]
[Black "Schroeder, Jan-Christian"]
[Result "1-0"]
[WhiteTitle "GM"]
[BlackTitle "GM"]
[WhiteElo "2651"]
[BlackElo "2544"]
[WhiteTeam "Hamburger SK"]
[BlackTeam "SF Berlin"]
[WhiteFideId "1710400"]
[BlackFideId "24662259"]
[EventDate "2022.10.22"]

1. e4 e5 2. Nf3 Nc6 3. Bb5 a6 4. Ba4 Nf6 5. O-O Be7 6. Re1 b5 7. Bb3 O-O 8. a4
Bb7 9. d3 d6 10. Nbd2 Nd7 11. Nf1 Nc5 12. axb5 axb5 13. Rxa8 Qxa8 14. Bd5 Nd8
15. Bxb7 Qxb7 16. Ne3 Nde6 17. Nf5 Bf6 18. h4 Ra8 19. Be3 Nd7 20. Ng5 Ndf8 21.
Qh5 Nxg5 22. Bxg5 Bxg5 23. hxg5 Re8 24. Re3 Qc6 25. Rf3 Qd7 26. Ne3 Re6 27. Nf5
c6 28. Re3 Qd8 29. d4 Qd7 30. Qd1 d5 31. dxe5 Rxe5 32. Qd4 Ng6 33. b4 Qe6 34.
Ra3 h6 35. gxh6 Nf4 36. Ra8+ 1-0

[Event "Bundesliga 2022-23"]
[Site "Dresden GER"]
[Date "2022.11.26"]
[Round "3.8"]
[Board "2"]
[White "Tomczak, Jacek"]
[Black "Svane, Rasmus"]
[Result "1/2-1/2"]
[WhiteTitle "GM"]
[BlackTitle "GM"]
[WhiteElo "2595"]
[BlackElo "2615"]
[WhiteTeam "SF Berlin"]
[BlackTeam "Hamburger SK"]
[WhiteFideId "1124668"]
[BlackFideId "4657101"]
[EventDate "2022.10.22"]

1. d4 Nf6 2. c4 e6 3. Nc3 Bb4 4. f3 c5 5. d5 b5 6. e4 d6 7. a3 Ba5 8. Bf4 exd5
9. cxd5 a6 10. Ne2 O-O 11. Ng3 Ne8 12. Bd3 Nd7 13. O-O Ne5 14. Bc2 Bd7 15. Nce2
Bb6 16. Kh1 a5 17. Be3 b4 18. Ba4 Bxa4 19. Qxa4 Nf6 20. f4 Neg4 21. Bg1 Re8 22.
h3 Nh6 23. Qc2 Qe7 24. axb4 Nxe4 25. Nxe4 Qxe4 26. Qxe4 Rxe4 27. bxc5 Bxc5 28.
Ng3 Rb4 29. Bxc5 dxc5 30. Rfc1 Rxf4 31. Rxc5 a4 32. b3 1/2-1/2

[Event "Bundesliga 2022-23"]
[Site "Dresden GER"]
[Date "2022.11.26"]
[Round "3.8"]
[Board "3"]
[White "Papp, Gabor1"]
[Black "Kraemer, Martin"]
[Result "0-1"]
[WhiteTitle "GM"]
[BlackTitle "GM"]
[WhiteElo "2564"]
[BlackElo "2579"]
[WhiteTeam "Hamburger SK"]
[BlackTeam "SF Berlin"]
[WhiteFideId "718602"]
[BlackFideId "4671910"]
[EventDate "2022.10.22"]

1. e4 e5 2. Nf3 Nc6 3. Bc4 Bc5 4. c3 Nf6 5. d3 O-O 6. O-O d6 7. Re1 a5 8. h3 h6
9. d4 Bb6 10. Bb3 Re8 11. Bc2 exd4 12. cxd4 Nb4 13. Nc3 Nxc2 14. Qxc2 d5 15. e5
Ne4 16. Be3 Bf5 17. Nd2 Nxd2 18. Qxf5 Nc4 19. Bxh6 gxh6 20. e6 Nd6 21. exf7+
Nxf7 22. Nxd5 Kf8 23. Rxe8+ Qxe8 24. Nf4 Kg8 25. Nh5 Bxd4 26. Qg4+ Ng5 27. Rd1
c5 28. Nf4 Qe4 29. h4 Rf8 30. g3 Qf3 0-1

[Event "Bundesliga 2022-23"]
[Site "Dresden GER"]
[Date "2022.11.26"]
[Round "3.8"]
[Board "4"]
[White "Baldauf, Marco"]
[Black "Svane, Frederik"]
[Result "1/2-1/2"]
[WhiteTitle "GM"]
[BlackTitle "GM"]
[WhiteElo "2506"]
[BlackElo "2566"]
[WhiteTeam "SF Berlin"]
[BlackTeam "Hamburger SK"]
[WhiteFideId "4688210"]
[BlackFideId "12923044"]
[EventDate "2022.10.22"]

1. d4 Nf6 2. c4 e6 3. Nc3 Bb4 4. Qc2 O-O 5. a3 Bxc3+ 6. Qxc3 b6 7. Bg5 Bb7 8.
Nh3 d6 9. f3 h6 10. Bh4 Nbd7 11. e4 c5 12. dxc5 bxc5 13. Bd3 Qb6 14. O-O Rab8
15. Rab1 a5 16. Rfd1 Rfc8 17. Nf2 a4 18. Rd2 d5 19. exd5 exd5 20. Bf5 d4 21. Qc2
Re8 22. Nd3 Qc6 23. Re1 Rxe1+ 24. Bxe1 Re8 25. Re2 Rxe2 26. Qxe2 Ba6 27. Bxd7
Nxd7 28. Qe8+ Kh7 29. Qxf7 Qg6 30. Qxg6+ Kxg6 31. Bg3 Bxc4 32. Ne5+ Nxe5 1/2-1/2

[Event "Bundesliga 2022-23"]
[Site "Dresden GER"]
[Date "2022.11.26"]
[Round "3.8"]
[Board "5"]
[White "Ernst, Sipke"]
[Black "Blohberger, Felix"]
[Result "1/2-1/2"]
[WhiteTitle "GM"]
[BlackTitle "GM"]
[WhiteElo "2538"]
[BlackElo "2493"]
[WhiteTeam "Hamburger SK"]
[BlackTeam "SF Berlin"]
[WhiteFideId "1004689"]
[BlackFideId "1632051"]
[EventDate "2022.10.22"]

1. d4 Nf6 2. c4 e6 3. g3 Bb4+ 4. Nd2 c5 5. Nf3 cxd4 6. a3 Bxd2+ 7. Qxd2 b6 8.
Bg2 Bb7 9. O-O Bxf3 10. exf3 Nc6 11. f4 Rc8 12. b4 d5 13. cxd5 Nxd5 14. Bb2 Nc3
15. Rac1 Ne7 16. Bxc3 dxc3 17. Qxd8+ Kxd8 18. Rfd1+ Ke8 19. Rd3 c2 20. Rd2 g6
21. Be4 h5 22. h4 Nf5 23. Rdxc2 Rxc2 24. Bxc2 Nd6 25. Ba4+ Kd8 26. Rc6 Nf5 27.
Rc3 Nd6 28. Rc6 Nf5 29. Rc3 Nd6 30. Rc6 1/2-1/2

[Event "Bundesliga 2022-23"]
[Site "Dresden GER"]
[Date "2022.11.26"]
[Round "3.8"]
[Board "6"]
[White "Kaasen, Tor Fredrik"]
[Black "Lampert, Jonas"]
[Result "1-0"]
[WhiteTitle "IM"]
[BlackTitle "GM"]
[WhiteElo "2445"]
[BlackElo "2537"]
[WhiteTeam "SF Berlin"]
[BlackTeam "Hamburger SK"]
[WhiteFideId "1516647"]
[BlackFideId "1303759"]
[EventDate "2022.10.22"]

1. e4 e5 2. Nf3 Nc6 3. Bb5 a6 4. Ba4 Nf6 5. O-O Bc5 6. c3 b5 7. Bb3 d6 8. d4 Bb6
9. Be3 O-O 10. Nbd2 h6 11. h3 Re8 12. Re1 Rb8 13. a3 Bb7 14. Ba2 exd4 15. cxd4
Ne7 16. Qb3 d5 17. e5 Nd7 18. Qc2 Nf8 19. Nf1 Neg6 20. Ng3 Bc8 21. Rad1 Be6 22.
Qd2 Nh4 23. Nxh4 Qxh4 24. Kh2 f6 25. f4 f5 26. Rc1 Kh8 27. Nf1 Rbd8 28. Bf2 Qe7
29. Bb1 Qf7 30. Ne3 g5 31. Bg3 Ng6 32. Rf1 c5 33. fxg5 f4 34. Bxf4 Nxf4 35. g6
Qg7 36. Rxf4 cxd4 37. Nf5 Qxe5 38. Re1 Qb8 39. g7+ Kg8 40. Nxh6+ Kxg7 41. Qf2
Bg4 42. Qg3 Kxh6 43. Qh4+ Bh5 44. Qf6+ Bg6 45. Qxg6# 1-0

[Event "Bundesliga 2022-23"]
[Site "Dresden GER"]
[Date "2022.11.26"]
[Round "3.8"]
[Board "7"]
[White "Ftacnik, Lubomir"]
[Black "Schmidek, Emil"]
[Result "1/2-1/2"]
[WhiteTitle "GM"]
[BlackTitle "IM"]
[WhiteElo "2462"]
[BlackElo "2414"]
[WhiteTeam "Hamburger SK"]
[BlackTeam "SF Berlin"]
[WhiteFideId "14900017"]
[BlackFideId "12908150"]
[EventDate "2022.10.22"]

1. Nf3 d5 2. d4 Nf6 3. c4 e6 4. Nc3 a6 5. cxd5 exd5 6. Bg5 Be6 7. e3 Nbd7 8. Bd3
h6 9. Bf4 g5 10. Bg3 Nh5 11. Qb3 Nxg3 12. hxg3 Rb8 13. Qc2 Bg7 14. Rd1 O-O 15.
Bh7+ Kh8 16. Bf5 Kg8 17. g4 Qf6 18. Nxd5 Bxd5 19. Bxd7 Bxf3 20. gxf3 Qxf3 21.
Rg1 Rbd8 22. Qxc7 Qd5 23. Bf5 Rfe8 24. Qc2 Bxd4 25. Kf1 Qf3 26. Rxd4 Rxd4 27.
exd4 Qh3+ 28. Rg2 Qh1+ 1/2-1/2

[Event "Bundesliga 2022-23"]
[Site "Dresden GER"]
[Date "2022.11.26"]
[Round "3.8"]
[Board "8"]
[White "Morgunov, Marc"]
[Black "Heinemann, Thies"]
[Result "0-1"]
[WhiteTitle "FM"]
[BlackTitle "GM"]
[WhiteElo "2417"]
[BlackElo "2484"]
[WhiteTeam "SF Berlin"]
[BlackTeam "Hamburger SK"]
[WhiteFideId "1640305"]
[BlackFideId "4601556"]
[EventDate "2022.10.22"]

1. e4 c5 2. Nf3 d6 3. d4 cxd4 4. Nxd4 Nf6 5. Nc3 a6 6. f4 e5 7. Nb3 Be7 8. fxe5
dxe5 9. Qxd8+ Bxd8 10. Be3 Bd7 11. Be2 Bc6 12. Bf3 Nbd7 13. O-O-O a5 14. g4 h6
15. Rhe1 Nh7 16. Kb1 Ng5 17. Be2 a4 18. Nd2 Ba5 19. h4 Bxc3 20. hxg5 Bxd2 21.
Rxd2 hxg5 22. Bxg5 Nc5 23. Bd3 f6 24. Be3 Nxe4 25. Rde2 Nd6 26. Bg6+ Kd7 27. Rd2
Kc7 28. b3 Rh1 29. Rxh1 Bxh1 30. Rh2 Bf3 31. Rh7 Kc6 32. Rxg7 Bxg4 33. c4 axb3
34. axb3 Bf5+ 35. Kb2 Rh8 36. Bf7 Be4 37. Be6 Rd8 38. b4 b5 39. c5 Nc4+ 40. Bxc4
bxc4 41. Rf7 Rd3 42. Rxf6+ Kb5 43. Bf2 Rb3+ 44. Ka2 Bb1+ 45. Ka1 c3 46. Be3 Bd3
47. Ka2 Ka4 48. Bc1 c2 49. Bb2 Bc4 50. Ka1 Rd3 51. Bc1 Kb3 52. Rd6 Rd1 0-1

[Event "Bundesliga 2022-23"]
[Site "Bremen GER"]
[Date "2022.11.27"]
[Round "4.1"]
[Board "1"]
[White "McShane, Luke J"]
[Black "Kadric, Denis"]
[Result "1/2-1/2"]
[WhiteTitle "GM"]
[BlackTitle "GM"]
[WhiteElo "2653"]
[BlackElo "2561"]
[WhiteTeam "SV Werder Bremen"]
[BlackTeam "TSV Schoenaich"]
[WhiteFideId "404853"]
[BlackFideId "14403803"]
[EventDate "2022.10.22"]

1. e4 e5 2. Nf3 Nf6 3. Nxe5 d6 4. Nd3 Nxe4 5. Qe2 Qe7 6. Nf4 Nc6 7. c3 Nf6 8. d4
g6 9. h4 h5 10. Na3 Bg7 11. Nc4 O-O 12. Qxe7 Nxe7 13. a4 Bd7 14. f3 b6 15. Kf2
a6 16. Be2 b5 17. Ne3 Rfb8 18. Rd1 Bh6 19. Nc2 Kg7 20. a5 Bf5 21. Nb4 Bxf4 22.
Bxf4 Nfd5 23. Nxd5 Nxd5 24. Bd2 Be6 25. Bd3 Nf6 26. Rdb1 Re8 27. b3 Rab8 28. Bc2
Bf5 29. Bxf5 gxf5 30. Re1 Re6 31. Rac1 Kg6 32. Rc2 Nd5 33. Rcc1 Nf6 34. Kg3 Rb7
35. Bg5 Rb8 36. Bxf6 Kxf6 37. Kf2 Rbe8 38. Rxe6+ fxe6 39. c4 Rb8 40. c5 d5 41.
f4 1/2-1/2

[Event "Bundesliga 2022-23"]
[Site "Bremen GER"]
[Date "2022.11.27"]
[Round "4.1"]
[Board "2"]
[White "Ivanisevic, Ivan"]
[Black "Areshchenko, Alexander"]
[Result "1/2-1/2"]
[WhiteTitle "GM"]
[BlackTitle "GM"]
[WhiteElo "2547"]
[BlackElo "2632"]
[WhiteTeam "TSV Schoenaich"]
[BlackTeam "SV Werder Bremen"]
[WhiteFideId "912417"]
[BlackFideId "14109530"]
[EventDate "2022.10.22"]

1. Nf3 c5 2. b3 d5 3. e3 Nf6 4. Bb2 e6 5. c4 Be7 6. cxd5 exd5 7. Bb5+ Nbd7 8.
O-O a6 9. Be2 O-O 10. d4 b6 11. Nc3 Bb7 12. Rc1 Rc8 13. dxc5 bxc5 14. Rc2 Re8
15. Rd2 Bd6 16. Nxd5 Nxd5 17. Rxd5 Bxd5 18. Qxd5 Nb6 19. Qf5 Qd7 20. Qc2 h6 21.
Bxa6 Ra8 22. Bd3 Rxa2 23. Bh7+ Kh8 24. Bf5 Qa7 25. Qc3 Rxb2 26. Qxb2 Qe7 27. Qc2
Qf6 28. Rd1 Ra8 29. g3 g6 30. Be4 Ra1 31. Rxa1 Qxa1+ 32. Kg2 Kg7 33. Qd3 Qf6 34.
Qb5 Bf8 35. Bc6 Nc8 36. Bd5 Qd8 37. Bc4 Qc7 38. Qe8 Nd6 39. Qe5+ Kg8 40. h4 Bg7
41. Qd5 h5 42. Bd3 Kf8 43. e4 Nb7 44. e5 Nd8 45. Bc4 Ke7 46. Qe4 Bh6 47. Ne1 Bd2
48. Nd3 Bc3 49. f4 Bd4 50. f5 Qc6 51. f6+ Kf8 52. Kf3 Qc8 53. Kg2 Qc6 54. Bd5
Qa6 55. Bc4 Qc6 1/2-1/2

[Event "Bundesliga 2022-23"]
[Site "Bremen GER"]
[Date "2022.11.27"]
[Round "4.1"]
[Board "3"]
[White "Efimenko, Zahar"]
[Black "Plenca, Julijan"]
[Result "1-0"]
[WhiteTitle "GM"]
[BlackTitle "IM"]
[WhiteElo "2599"]
[BlackElo "2447"]
[WhiteTeam "SV Werder Bremen"]
[BlackTeam "TSV Schoenaich"]
[WhiteFideId "14107201"]
[BlackFideId "14508044"]
[EventDate "2022.10.22"]

1. e4 e5 2. Nf3 Nc6 3. Bb5 a6 4. Ba4 Nf6 5. O-O b5 6. Bb3 Bc5 7. c3 d6 8. d4 Bb6
9. Be3 O-O 10. Nbd2 h6 11. h3 Rb8 12. Re1 Re8 13. Bc2 Bd7 14. a3 Nh7 15. Nf1 a5
16. b3 Qf6 17. Ng3 g6 18. dxe5 Nxe5 19. Nxe5 Qxe5 20. Qd2 Bxe3 21. Qxe3 h5 22.
Rad1 Qg7 23. Qd4 Nf8 24. f4 Rb6 25. Ne2 Bc8 26. f5 Qe5 27. Qf2 Bb7 28. b4 a4 29.
Bb1 Qf6 30. Nf4 Nd7 31. fxg6 fxg6 32. Qg3 Ne5 33. Nxh5 Qe7 34. Rf1 Rf8 35. Ba2+
Kh8 36. Qe3 d5 37. Rxf8+ Qxf8 38. Rf1 Qe7 39. Qh6+ Kg8 40. exd5 Nc4 41. Bxc4
bxc4 42. Nf4 Qe3+ 43. Kh2 Rf6 44. Qg5 Kf7 45. Ne6 Qxg5 46. Nxg5+ Ke7 47. Re1+
Kd8 48. Ne6+ Kc8 49. Nc5 Rf8 50. Re5 Rd8 51. Nxa4 Bxd5 52. Nc5 c6 53. Kg3 Rf8
54. Re1 Rf5 55. h4 Bf7 56. a4 1-0

[Event "Bundesliga 2022-23"]
[Site "Bremen GER"]
[Date "2022.11.27"]
[Round "4.1"]
[Board "4"]
[White "Koelle, Tobias"]
[Black "Edouard, Romain"]
[Result "0-1"]
[WhiteTitle "FM"]
[BlackTitle "GM"]
[WhiteElo "2439"]
[BlackElo "2554"]
[WhiteTeam "TSV Schoenaich"]
[BlackTeam "SV Werder Bremen"]
[WhiteFideId "16207378"]
[BlackFideId "633429"]
[EventDate "2022.10.22"]

1. d4 Nf6 2. c4 e6 3. Nf3 d5 4. Nc3 a6 5. cxd5 exd5 6. Bg5 Be6 7. e3 Nbd7 8. Bd3
c6 9. O-O Bd6 10. Bf4 Qb8 11. Qd2 h6 12. h3 g5 13. Bxd6 Qxd6 14. Nh2 Rg8 15. b4
h5 16. a4 g4 17. hxg4 hxg4 18. g3 Rh8 19. b5 c5 20. bxa6 bxa6 21. dxc5 Qxc5 22.
Rac1 Qf8 23. e4 Ne5 24. f4 Qh6 25. exd5 Nxd3 26. dxe6 Nxc1 27. exf7+ Kxf7 28.
Rxc1 Rac8 29. Rc2 Qxh2+ 30. Qxh2 Rxh2 31. Kxh2 Ne4 0-1

[Event "Bundesliga 2022-23"]
[Site "Bremen GER"]
[Date "2022.11.27"]
[Round "4.1"]
[Board "5"]
[White "Hracek, Zbynek"]
[Black "Richter, Nils"]
[Result "1/2-1/2"]
[WhiteTitle "GM"]
[BlackTitle "FM"]
[WhiteElo "2542"]
[BlackElo "2395"]
[WhiteTeam "SV Werder Bremen"]
[BlackTeam "TSV Schoenaich"]
[WhiteFideId "300071"]
[BlackFideId "12990809"]
[EventDate "2022.10.22"]

1. e4 c6 2. d4 d5 3. exd5 cxd5 4. Bd3 Nc6 5. c3 Qc7 6. Ne2 e5 7. dxe5 Nxe5 8.
Bb5+ Bd7 9. Bxd7+ Qxd7 10. O-O Nf6 11. Re1 Bd6 12. Bg5 Qf5 13. Bxf6 Qxf6 14.
Qxd5 O-O-O 15. Ng3 Bc7 16. Qe4 Nd3 17. Rf1 Bb6 18. Qf5+ Qxf5 19. Nxf5 Nxf2 20.
Nd4 Ng4 21. Rf4 f5 22. Na3 g5 23. Rxf5 Rxd4 24. cxd4 Bxd4+ 25. Kh1 Nf2+ 26. Kg1
Ng4+ 27. Kh1 1/2-1/2

[Event "Bundesliga 2022-23"]
[Site "Bremen GER"]
[Date "2022.11.27"]
[Round "4.1"]
[Board "6"]
[White "Deuer, Marius"]
[Black "Babula, Vlastimil"]
[Result "1/2-1/2"]
[WhiteTitle "FM"]
[BlackTitle "GM"]
[WhiteElo "2326"]
[BlackElo "2574"]
[WhiteTeam "TSV Schoenaich"]
[BlackTeam "SV Werder Bremen"]
[WhiteFideId "16236432"]
[BlackFideId "301264"]
[EventDate "2022.10.22"]

1. d4 Nf6 2. c4 e6 3. Nc3 Bb4 4. e3 O-O 5. Ne2 d5 6. a3 Be7 7. cxd5 exd5 8. Nf4
Re8 9. Bd3 c6 10. O-O Nbd7 11. Bd2 Nf8 12. Rc1 Ne6 13. Nxe6 Bxe6 14. f3 Bd6 15.
Ne2 Qc7 16. h3 Rad8 17. b4 Bc8 18. Qe1 Nh5 19. Qh4 g6 20. Qf2 Ng3 21. Nxg3 Bxg3
22. Qe2 Qe7 23. f4 Bh4 24. a4 Bf6 25. Qd1 a6 1/2-1/2

[Event "Bundesliga 2022-23"]
[Site "Bremen GER"]
[Date "2022.11.27"]
[Round "4.1"]
[Board "7"]
[White "Pruijssers, Roeland"]
[Black "Vyval, Volodymyr"]
[Result "1-0"]
[WhiteTitle "GM"]
[WhiteElo "2555"]
[BlackElo "2282"]
[WhiteTeam "SV Werder Bremen"]
[BlackTeam "TSV Schoenaich"]
[WhiteFideId "1013068"]
[BlackFideId "14121530"]
[EventDate "2022.10.22"]

1. e4 c5 2. Nc3 d6 3. f4 Nc6 4. Nf3 g6 5. Bc4 Bg7 6. O-O Na5 7. Bb5+ Bd7 8. Qe2
a6 9. Bxd7+ Qxd7 10. d3 Nc6 11. f5 Nf6 12. Bg5 O-O 13. Qf2 Rac8 14. Rae1 b5 15.
Bxf6 Bxf6 16. Nd5 Qd8 17. Nxf6+ exf6 18. Qh4 Kg7 19. Rf2 Ne5 20. Nd2 Qe7 21. Nf1
Qa7 22. Rd1 g5 23. Qh5 h6 24. Ne3 Rfe8 25. Kh1 Rh8 26. Nd5 Rhe8 27. Re2 Nc6 28.
c3 Rh8 29. Red2 Rce8 30. h3 Ne7 31. Ne3 Nc6 32. Qf3 h5 33. h4 Ne5 34. Qg3 g4 35.
Nd5 Qb8 36. Qf4 Qd8 37. b3 Kh7 38. d4 cxd4 39. cxd4 Nc6 40. Rc2 Nb8 41. Rdc1 Kg7
42. Rc7 Rhg8 43. b4 a5 44. a3 axb4 45. axb4 Na6 46. R7c6 Nxb4 47. Nxb4 Qe7 48.
Re1 Rd8 49. Nd5 Qa7 50. Nxf6 Kxf6 51. Qe5# 1-0

[Event "Bundesliga 2022-23"]
[Site "Bremen GER"]
[Date "2022.11.27"]
[Round "4.1"]
[Board "8"]
[White "Saric, Ante"]
[Black "Wachinger, Nikolas"]
[Result "1/2-1/2"]
[WhiteTitle "GM"]
[BlackTitle "IM"]
[WhiteElo "2510"]
[BlackElo "2432"]
[WhiteTeam "TSV Schoenaich"]
[BlackTeam "SV Werder Bremen"]
[WhiteFideId "14506254"]
[BlackFideId "12962791"]
[EventDate "2022.10.22"]

1. d4 Nf6 2. c4 e6 3. Nf3 d5 4. g3 Be7 5. Bg2 O-O 6. O-O dxc4 7. Qa4 a6 8. Qxc4
b5 9. Qc2 Bb7 10. Bf4 Nc6 11. Nc3 Nxd4 12. Nxd4 Bxg2 13. Rfd1 Bh3 14. Nxe6 Bxe6
15. Rxd8 Rfxd8 16. Ne4 Nxe4 17. Qxe4 c5 18. Bc7 Rd5 19. Qc2 Rc8 20. e4 Rd7 21.
Ba5 Rd4 22. Bc3 Rdd8 23. Ba5 Rd4 24. Bc3 Rdd8 25. Ba5 Rd4 1/2-1/2

[Event "Bundesliga 2022-23"]
[Site "Bremen GER"]
[Date "2022.11.27"]
[Round "4.2"]
[Board "1"]
[White "Ivic, Velimir"]
[Black "Vitiugov, Nikita"]
[Result "1/2-1/2"]
[WhiteTitle "GM"]
[BlackTitle "GM"]
[WhiteElo "2553"]
[BlackElo "2722"]
[WhiteTeam "SK Kirchweyhe"]
[BlackTeam "OSG Baden-Baden"]
[WhiteFideId "950122"]
[BlackFideId "4152956"]
[EventDate "2022.10.22"]

1. e4 e5 2. Nf3 Nc6 3. Bb5 a6 4. Ba4 Nf6 5. O-O Be7 6. Re1 b5 7. Bb3 O-O 8. a4
b4 9. d4 d6 10. dxe5 Nxe5 11. Nbd2 Nfd7 12. a5 Bf6 13. Nd4 Bb7 14. Ra4 Nc6 15.
Nxc6 Bxc6 16. Rxb4 Bb5 17. Ba2 c5 18. Rb3 c4 19. Rh3 Rc8 20. b4 cxb3 21. Nxb3 g6
22. Nd4 Bc4 23. Bxc4 Rxc4 24. Nf5 gxf5 25. Qh5 Re8 26. Qxh7+ Kf8 27. Bh6+ Ke7
28. Qxf5 Rc5 29. e5 Rxe5 30. Rxe5+ Nxe5 31. f4 Qc8 32. Qe4 Qc6 33. Re3 Qxe4 34.
Rxe4 Rc8 35. fxe5 Bxe5 1/2-1/2

[Event "Bundesliga 2022-23"]
[Site "Bremen GER"]
[Date "2022.11.27"]
[Round "4.2"]
[Board "2"]
[White "Keymer, Vincent"]
[Black "Brkic, Ante"]
[Result "1/2-1/2"]
[WhiteTitle "GM"]
[BlackTitle "GM"]
[WhiteElo "2700"]
[BlackElo "2602"]
[WhiteTeam "OSG Baden-Baden"]
[BlackTeam "SK Kirchweyhe"]
[WhiteFideId "12940690"]
[BlackFideId "14506688"]
[EventDate "2022.10.22"]

1. Nf3 d5 2. g3 g6 3. Bg2 Bg7 4. d4 Nf6 5. O-O O-O 6. c3 c6 7. Nbd2 Na6 8. b4
Nc7 9. Bb2 Bf5 10. c4 Ne4 11. Rc1 a5 12. bxa5 Rxa5 13. a3 Qa8 14. Nb3 Ra6 15.
cxd5 Nxd5 16. Nh4 Rb6 17. g4 Qa4 18. gxf5 Qxb3 19. Ba1 Ndf6 20. Rb1 Qxb1 21.
Qxb1 Rxb1 22. Rxb1 Nd6 23. fxg6 hxg6 24. Nf3 Ra8 25. Rb3 Nc4 26. Rxb7 Rxa3 27.
Rb8+ Bf8 28. Rb1 Nd5 29. Bf1 Ra2 30. Rc1 Na5 31. Rb1 Nc4 32. Rd1 Na3 33. Ne1 Nc2
34. Nxc2 Rxc2 35. e3 e6 36. Bd3 Ra2 37. Bc4 Ra4 38. Bb3 Ra3 39. Bc4 Ra4 40. Bf1
Bg7 41. e4 Nf4 42. Bb2 Ra2 43. Rb1 g5 44. e5 Bf8 45. Bc1 c5 46. Bxf4 gxf4 47.
Rd1 cxd4 48. Rxd4 Rxf2 49. Kxf2 Bc5 50. Kf3 Bxd4 51. Kxf4 1/2-1/2

[Event "Bundesliga 2022-23"]
[Site "Bremen GER"]
[Date "2022.11.27"]
[Round "4.2"]
[Board "3"]
[White "Markus, Robert"]
[Black "Adams, Michael"]
[Result "1/2-1/2"]
[WhiteTitle "GM"]
[BlackTitle "GM"]
[WhiteElo "2615"]
[BlackElo "2689"]
[WhiteTeam "SK Kirchweyhe"]
[BlackTeam "OSG Baden-Baden"]
[WhiteFideId "921637"]
[BlackFideId "400041"]
[EventDate "2022.10.22"]

1. d4 Nf6 2. c4 e6 3. Nf3 d5 4. e3 Bd6 5. b3 O-O 6. Bb2 b6 7. Bd3 Bb7 8. O-O
Nbd7 9. Nbd2 c5 10. cxd5 Nxd5 11. Ne4 Be7 12. dxc5 Nxc5 13. Nxc5 Bxc5 14. Qe2
Qe7 15. Ba6 Rac8 16. a3 Bd6 17. Bxb7 Qxb7 18. Rac1 Be7 19. Nd4 Rxc1 20. Rxc1 Rc8
21. Rxc8+ Qxc8 1/2-1/2

[Event "Bundesliga 2022-23"]
[Site "Bremen GER"]
[Date "2022.11.27"]
[Round "4.2"]
[Board "4"]
[White "Kasimdzhanov, Rustam"]
[Black "Stevic, Hrvoje"]
[Result "1-0"]
[WhiteTitle "GM"]
[BlackTitle "GM"]
[WhiteElo "2670"]
[BlackElo "2565"]
[WhiteTeam "OSG Baden-Baden"]
[BlackTeam "SK Kirchweyhe"]
[WhiteFideId "14200244"]
[BlackFideId "14502569"]
[EventDate "2022.10.22"]

1. d4 d5 2. c4 dxc4 3. e4 e5 4. Nf3 Bb4+ 5. Nc3 Nf6 6. Nxe5 b5 7. Bg5 c5 8. dxc5
Qe7 9. Nf3 Nbd7 10. Be2 Bb7 11. O-O Bxc3 12. bxc3 O-O 13. a4 a6 14. axb5 axb5
15. Rb1 Qxc5 16. Be3 Qc7 17. Rxb5 Bxe4 18. Qd2 Ra4 19. Rd1 Rfa8 20. Bf4 Qc6 21.
Nd4 Qa6 22. h3 Re8 23. Bf1 Ra2 24. Rb2 Rxb2 25. Qxb2 Bd3 26. Qb5 Qxb5 27. Nxb5
Bxf1 28. Kxf1 Nc5 29. Be3 Ne6 30. Nd6 Ra8 31. Ke2 Ra3 32. Rb1 Rxc3 33. Rb8+ Nf8
34. Nf5 Nd7 35. Re8 f6 36. Re7 g6 37. Nd6 Rc2+ 38. Kf1 g5 39. h4 Ra2 40. hxg5
Ra1+ 41. Ke2 Ra6 42. Nf5 Re6 43. Nh6+ Kh8 44. Rf7 fxg5 45. Kf1 Rd6 46. Rxf8+ 1-0

[Event "Bundesliga 2022-23"]
[Site "Bremen GER"]
[Date "2022.11.27"]
[Round "4.2"]
[Board "5"]
[White "Jovanovic, Zoran"]
[Black "Naiditsch, Arkadij"]
[Result "1/2-1/2"]
[WhiteTitle "GM"]
[BlackTitle "GM"]
[WhiteElo "2519"]
[BlackElo "2667"]
[WhiteTeam "SK Kirchweyhe"]
[BlackTeam "OSG Baden-Baden"]
[WhiteFideId "14505320"]
[BlackFideId "4650891"]
[EventDate "2022.10.22"]

1. e4 c5 2. Nf3 e6 3. g3 Nc6 4. Bg2 Nf6 5. Qe2 e5 6. Nc3 d6 7. Nd5 Nxd5 8. exd5
Ne7 9. c3 g6 10. d4 cxd4 11. cxd4 Bg7 12. dxe5 dxe5 13. Nxe5 O-O 14. O-O Re8 15.
Ng4 Nxd5 16. Qf3 Be6 17. Nh6+ Kf8 18. Rd1 Rc8 19. h4 Qf6 20. Qa3+ Qe7 21. Qxe7+
Nxe7 22. Bxb7 Rxc1 23. Raxc1 Bxh6 24. Rc7 Bxa2 25. Ra1 Be6 26. Rxa7 Bg7 27. Rc2
Nf5 28. Ra8 Nd4 29. Rc7 Nb3 30. Rxe8+ Kxe8 31. Bc8 Bd5 32. Bb7 Be6 33. Bc8 Bd5
34. Bb7 Be6 35. Bc8 1/2-1/2

[Event "Bundesliga 2022-23"]
[Site "Bremen GER"]
[Date "2022.11.27"]
[Round "4.2"]
[Board "6"]
[White "Donchenko, Alexander"]
[Black "Kovacevic, Aleksandar"]
[Result "1/2-1/2"]
[WhiteTitle "GM"]
[BlackTitle "GM"]
[WhiteElo "2646"]
[BlackElo "2471"]
[WhiteTeam "OSG Baden-Baden"]
[BlackTeam "SK Kirchweyhe"]
[WhiteFideId "24603295"]
[BlackFideId "903124"]
[EventDate "2022.10.22"]

1. c4 e5 2. g3 Nf6 3. Bg2 c6 4. Nf3 e4 5. Nd4 d5 6. cxd5 Qxd5 7. Nc2 Qh5 8. h3
Na6 9. Nc3 Qe5 10. Rb1 Bf5 11. Ne3 Bg6 12. a3 Bc5 13. Qc2 Bd4 14. b4 Nc7 15. Bb2
O-O 16. O-O Rad8 17. Na4 Nb5 18. Nc3 Nc7 19. Rfd1 b5 20. Na2 Ne6 21. Nc1 1/2-1/2